Obaly Skin-pack
Skin-pack patrí do skupiny priehľadných obalov, ktoré umožňujú na predajných stojanoch prezentovať tovar v jeho originálnej podobe, v priamom vizuálnom kontakte so spotrebiteľom. Tovar tak pôsobí na zákazníka esteticky aj psychologicky. Skin-pack umožňuje aj kontrolu kompletnosti obsahu. Podložka je...
Salvato in:
| Autore principale: | |
|---|---|
| Natura: | Capitolo di libro |
| Lingua: | ceco |
| Soggetti: | |
| Tags: |
Nessun Tag, puoi essere il primo ad aggiungerne!!
|
MARC
| LEADER | 00000naa$a2200000$$$4500 | ||
|---|---|---|---|
| 001 | 0115283 | ||
| 005 | 20231129095354.1 | ||
| 041 | 0 | |a cze | |
| 044 | |a CZ | ||
| 245 | 1 | 0 | |a Obaly Skin-pack |c Miloslav Vítek |
| 520 | |a Skin-pack patrí do skupiny priehľadných obalov, ktoré umožňujú na predajných stojanoch prezentovať tovar v jeho originálnej podobe, v priamom vizuálnom kontakte so spotrebiteľom. Tovar tak pôsobí na zákazníka esteticky aj psychologicky. Skin-pack umožňuje aj kontrolu kompletnosti obsahu. Podložka je nosičom informácií a poskytuje priestor aj na detailný návod na inštaláciu alebo použitie. Popis výroby skin-packu. Používané materiály a aplikačné oblasti. | ||
| 610 | 2 | 0 | |a obaly |
| 610 | 2 | 0 | |a balenie |
| 610 | 2 | 0 | |a technika obalová |
| 610 | 2 | 0 | |a tovar priemyselný |
| 610 | 2 | 0 | |a tovar spotrebný |
| 100 | 1 | |a Vítek, Miloslav | |